Po čom Nemci túžia vždy s Európou a pre Európu - ale kam?

História a zahranično-politické termíny Nemecka. Otázky ekonomiky a zahraničnej politiky Nemecka. Európske projekty spoločného trhu. Konečná podoba Európy, menová a fiškálna únia.

Saved in:
Bibliographic Details
Main Author: Müller, Jan-Werner
Format: Book Chapter
Language:Slovak
Subjects:
Tags: Add Tag
No Tags, Be the first to tag this record!

MARC

LEADER 00000naa a2200000 4500
001 0148784
005 20220725111536.8
041 0 |a slo 
044 |a SK 
245 1 0 |a Po čom Nemci túžia  |b vždy s Európou a pre Európu - ale kam?  |c Jan-Werner Müller 
520 |a História a zahranično-politické termíny Nemecka. Otázky ekonomiky a zahraničnej politiky Nemecka. Európske projekty spoločného trhu. Konečná podoba Európy, menová a fiškálna únia. 
610 2 0 |a história 
610 2 0 |a Nemecko 
610 2 0 |a Európa 
610 2 0 |a politika kohézna 
610 2 0 |a politika menová 
610 2 0 |a politika fiškálna 
610 2 0 |a bezpečnosť ekonomická 
610 2 0 |a vzťah politiky a ekonomiky 
610 2 0 |a regulácia 
610 2 0 |a spolupráca medzinárodná 
100 1 |a Müller, Jan-Werner